000
00276nam a2200109Ia 4500
008
201217s9999 xx 000 0 und d
100
_a
Jansson, J. O. and Shneerson, D.
245
0
_a
Liner Shipping Economics
260
_a
London
_b
Chapman and Hall
300
_a
299
942
_c
BK
999
_c
7653
_d
7653